[Event "Ch Czechoslovakia"]
[Site "masterchessopen.com - Rimavska Sobota (Slovakia)"]
[Round "7"]
[White "Pribyl Josef (CZE)"]
[Black "Sikora-Lerch Jan (CZE)"]
[Result "1-0"]
[WhiteElo "2455"]
[BlackElo "2207"]

1.d4 Nf6 2.c4 c5 3.d5 e6 4.Nc3 exd5 5.cxd5 d6 6.e4 g6 7.f4 Bg7 8.Bb5+ Nfd7
9.a4 O-O 10.Nf3 Na6 11.O-O Nc7 12.Bc4 a6 13.Kh1 Re8 14.e5 b5 15.axb5 Nb6
16.Be2 dxe5 17.d6 Ne6 18.fxe5 axb5 19.Rxa8 Nxa8 20.Bxb5 Bd7 21.Bxd7 Qxd7
22.Nd5 Qb5 23.Ng5 {#r} 1-0

[Event "Ch \"]
[Site "masterchessopen.com - Briansk (Russia)"]
[Round "0"]
[White "Doroshkievich Vladimir K (RUS)"]
[Black "Kremenietsky Anatoly M (RUS)"]
[Result "1-0"]
[WhiteElo "2425"]
[BlackElo "2364"]

1.d4 Nf6 2.c4 c5 3.d5 e6 4.Nc3 exd5 5.cxd5 d6 6.e4 g6 7.f4 Bg7 8.Bb5+ Nfd7
9.a4 O-O 10.Nf3 Na6 11.O-O Nb4 12.Bd2 a6 13.Be2 Re8 14.Be1 Nf6 15.Nd2 Bd7
16.Bh4 b5 17.e5 dxe5 18.Nde4 Bf5 19.axb5 Bxe4 20.Nxe4 Qb6 21.Bxf6 Bxf6 22.f5
Bg7 23.bxa6 c4+ 24.Kh1 Rxa6 25.Rxa6 Qxa6 26.Bxc4 Qb6 27.d6 gxf5 28.Bxf7+ {#r}
1-0

[Event "Zt (cat.13)"]
[Site "masterchessopen.com - Lvov (Ukraine)"]
[Round "0"]
[White "Gulko Boris F (USA)"]
[Black "Savon Vladimir A (UKR)"]
[Result "1-0"]
[WhiteElo "2575"]
[BlackElo "2550"]

1.d4 Nf6 2.c4 c5 3.d5 e6 4.Nc3 exd5 5.cxd5 d6 6.e4 g6 7.f4 Bg7 8.Bb5+ Nfd7
9.a4 O-O 10.Nf3 Na6 11.O-O Nc7 12.Bd3 a6 13.Qe1 Rb8 14.e5 Nb6 15.f5 dxe5
16.fxg6 fxg6 17.Bg5 Qd6 18.Qh4 Ncxd5 19.Rad1 c4 20.Nxd5 cxd3 21.Ne7+ Kh8
22.Nxe5 Bf5 23.Rxf5 Bxe5 24.Rxe5 Rf7 {#r} 1-0

[Event "Zt"]
[Site "masterchessopen.com - Warsaw (Poland)"]
[Round "1"]
[White "Derlukiewcz Jan (POL)"]
[Black "Bielavsky Jiri (CZE)"]
[Result "0-1"]
[WhiteElo "2235"]
[BlackElo "1993"]

1.d4 Nf6 2.c4 c5 3.d5 e6 4.Nc3 exd5 5.cxd5 d6 6.e4 g6 7.f4 Bg7 8.Bb5+ Nfd7
9.a4 b6 10.Nf3 Ba6 11.Qe2 Bxb5 12.Nxb5 O-O 13.Nxd6 Nf6 14.e5 Nxd5 15.Qc4 Nc7
16.Ng5 Qd7 17.O-O Nc6 18.Re1 Nd4 19.Be3 Nce6 20.Bxd4 Nxd4 21.Ra3 h6 22.Nge4
Qe6 23.Qc1 Rad8 24.Rd3 f6 25.Rxd4 cxd4 26.exf6 Bxf6 27.f5 gxf5 28.Qxh6 Rxd6
{#R} 0-1

[Event "It (cat.12)"]
[Site "masterchessopen.com - Baden-Baden (Germany)"]
[Round "0"]
[White "Hoelzl Franz (AUT)"]
[Black "Nunn John D M (ENG)"]
[Result "0-1"]
[WhiteElo "2415"]
[BlackElo "2515"]

1.d4 Nf6 2.c4 c5 3.d5 e6 4.Nc3 exd5 5.cxd5 d6 6.e4 g6 7.f4 Bg7 8.Bb5+ Nfd7
9.a4 O-O 10.Nf3 Na6 11.O-O Nc7 12.Bc4 a6 13.Qe1 Rb8 14.a5 b5 15.axb6 Nxb6
16.Ba2 Bg4 17.Qg3 Bxf3 18.Rxf3 Nb5 19.f5 Nd4 20.Rf2 Bf6 21.Qh3 Re8 22.Bh6 Nd7
23.Raf1 g5 24.Qg3 Kh8 25.Qxd6 Be5 26.Qxa6 Rb6 27.Bxg5 Qxg5 28.Qa7 Rh6 29.g3
Bxg3 30.hxg3 Qxg3+ 31.Rg2 Qe3+ {#R} 0-1

[Event "Ch Bulgaria"]
[Site "masterchessopen.com - Bulgaria"]
[Round "0"]
[White "Semkov Semko (BUL)"]
[Black "Popov Luben (BUL)"]
[Result "1-0"]
[WhiteElo "2450"]
[BlackElo "2465"]

1.d4 Nf6 2.c4 c5 3.d5 e6 4.Nc3 exd5 5.cxd5 d6 6.e4 g6 7.f4 Bg7 8.Bb5+ Nfd7
9.a4 O-O 10.Nf3 a6 11.Be2 Nf6 12.O-O Bg4 13.e5 Bxf3 14.Bxf3 dxe5 15.fxe5 Nfd7
16.e6 Ne5 17.Bg4 fxe6 18.Bxe6+ Kh8 19.Ne4 Rxf1+ 20.Qxf1 Nbd7 21.Ra3 Qb6 22.Rh3
Rf8 23.Qe1 Nf6 24.Ng5 h5 25.Qxe5 Ng4 26.Rxh5+ gxh5 27.Nf7+ Kg8 28.Nd6+ Kh7
29.Qxh5+ Nh6 30.Bxh6 Bxh6 31.Bf5+ Rxf5 32.Nxf5 {#r} 1-0

[Event "Ch \"]
[Site "masterchessopen.com - Leningrad (Russia)"]
[Round "0"]
[White "Nepomnishay Mikhail I (RUS)"]
[Black "Agapov K (RUS)"]
[Result "1-0"]
[WhiteElo "2446"]
[BlackElo "2395"]

1.d4 Nf6 2.c4 c5 3.d5 e6 4.Nc3 exd5 5.cxd5 g6 6.e4 d6 7.f4 Bg7 8.Bb5+ Nfd7
9.a4 O-O 10.Nf3 Na6 11.O-O Nb4 12.Re1 a6 13.Bf1 Re8 14.h3 Qc7 15.Qb3 f5 16.Bd2
Nf8 17.e5 b6 18.Nd1 Bb7 19.Ne3 Nd7 20.Bc3 Qb8 21.Rad1 h6 22.Nc4 dxe5 23.Nfxe5
Nf6 24.Bxb4 cxb4 25.Nxb6 Qa7 26.a5 Kh7 27.d6 Rad8 28.Qf7 Rxe5 29.fxe5 Ne4
30.Qc7 Rc8 31.Qe7 {#r} 1-0

[Event "Ch Leningrad"]
[Site "masterchessopen.com - Leningrad (Russia)"]
[Round "0"]
[White "Dommes Vladimir M (RUS)"]
[Black "Agapov K (RUS)"]
[Result "1-0"]
[WhiteElo "2293"]
[BlackElo "2395"]

1.d4 Nf6 2.c4 c5 3.d5 e6 4.Nc3 exd5 5.cxd5 d6 6.e4 g6 7.f4 Bg7 8.Bb5+ Nfd7
9.a4 O-O 10.Nf3 a6 11.Be2 Re8 12.O-O b6 13.Nd2 Nf6 14.Bf3 Bb7 15.Nc4 b5
16.axb5 axb5 17.Rxa8 Bxa8 18.Nxb5 Nxe4 19.Re1 Nf6 20.Nbxd6 Rxe1+ 21.Qxe1 Bxd5
22.Bxd5 Nxd5 23.f5 Bd4+ 24.Kf1 Nf6 25.Bg5 Nbd7 26.Nxf7 Kxf7 27.Nd6+ Kg7
28.Bh6+ Kxh6 29.Nf7+ Kg7 30.Nxd8 {#r} 1-0

[Event "It \"]
[Site "masterchessopen.com - Prague (Czech Republic)"]
[Round "0"]
[White "Dobosz Henryk (POL)"]
[Black "Streitberg Petr (CZE)"]
[Result "1-0"]
[WhiteElo "2360"]
[BlackElo "2248"]

1.d4 Nf6 2.c4 c5 3.d5 e6 4.Nc3 exd5 5.cxd5 d6 6.e4 g6 7.f4 Bg7 8.Bb5+ Nfd7
9.a4 O-O 10.Nf3 Nf6 11.O-O Bg4 12.e5 Nh5 13.Qe1 a6 14.Bc4 Re8 15.Ne4 Bxf3
16.Rxf3 dxe5 17.fxe5 Bxe5 18.d6 Bd4+ 19.Kh1 Nf6 20.Rxf6 Rxe4 21.Rxg6+ hxg6
22.Qxe4 Kg7 23.Qxb7 Nd7 24.Bg5 f6 25.Re1 fxg5 26.Re7+ Kh6 27.Rxd7 Qh8 28.Qf3
g4 29.Qf4+ {#r} 1-0

[Event "Ch Turkmenistan"]
[Site "masterchessopen.com - Ashkhabad (Turkmenistan)"]
[Round "0"]
[White "Kakageldyev Amanmurad (TKM)"]
[Black "Odeev Handszar (TKM)"]
[Result "1-0"]
[WhiteElo "2388"]
[BlackElo "2392"]

1.d4 Nf6 2.c4 c5 3.d5 e6 4.Nc3 exd5 5.cxd5 d6 6.e4 g6 7.f4 Bg7 8.Bb5+ Nfd7
9.a4 O-O 10.Nf3 Re8 11.O-O Na6 12.e5 dxe5 13.fxe5 Bxe5 14.Nxe5 Rxe5 15.Bf4 Re8
16.d6 Nb4 17.Bc4 Ne5 18.Bxe5 Rxe5 19.Rxf7 Be6 20.Re7 Bxc4 21.Rxe5 Nd3 22.Re4
Ba6 23.Qb3+ {#r} 1-0

[Event "corr."]
[Site "masterchessopen.com - DDR"]
[Round "0"]
[White "Preuss Siegfried (GER)"]
[Black "Schulz Michael (GER)"]
[Result "0-1"]
[WhiteElo "1976"]
[BlackElo "2204"]

1.d4 Nf6 2.c4 c5 3.d5 e6 4.Nc3 exd5 5.cxd5 d6 6.e4 g6 7.f4 Bg7 8.Bb5+ Nfd7
9.a4 O-O 10.Nf3 Nf6 11.O-O Bg4 12.Qc2 Bxf3 13.Rxf3 Na6 14.Bd2 Nb4 15.Qc1 a6
16.Bc4 Re8 17.Re3 Ng4 18.Rh3 Bd4+ 19.Kf1 Nf2 20.Ne2 Nxh3 21.Nxd4 Nxf4 22.Bxb4
Rxe4 23.Bd2 Rxd4 24.Ra3 Qh4 {#R} 0-1

[Event "It"]
[Site "masterchessopen.com - Halle (Germany)"]
[Round "7"]
[White "Osmanovic Faruk (GER)"]
[Black "Baumstark Gertrude (GER)"]
[Result "1-0"]
[WhiteElo "2010"]
[BlackElo "2021"]

1.d4 Nf6 2.c4 e6 3.Nc3 c5 4.d5 exd5 5.cxd5 d6 6.e4 g6 7.f4 Bg7 8.Bb5+ Nfd7
9.a4 O-O 10.Nf3 Na6 11.O-O Nc7 12.Bd3 b6 13.Kh1 Ba6 14.Nb5 Bxb5 15.axb5 a6
16.bxa6 b5 17.a7 Nb6 18.f5 Na4 19.Qc2 Rxa7 20.Bg5 Qb8 21.Be7 c4 22.Be2 Bxb2
23.Bxf8 Bxa1 24.Bxd6 Bg7 25.fxg6 fxg6 26.e5 Qb7 27.Nd4 Nxd5 28.Nxb5 Qxb5
29.Bxc4 {#r} 1-0

[Event "Olympiad"]
[Site "masterchessopen.com - Lucerne (Switzerland)"]
[Round "0"]
[White "Kasparov Garry (RUS)"]
[Black "Nunn John D M (ENG)"]
[Result "1-0"]
[WhiteElo "2675"]
[BlackElo "2565"]

1.d4 Nf6 2.c4 e6 3.Nc3 c5 4.d5 exd5 5.cxd5 d6 6.e4 g6 7.f4 Bg7 8.Bb5+ Nfd7
9.a4 Na6 10.Nf3 Nb4 11.O-O a6 12.Bxd7+ Bxd7 13.f5 O-O 14.Bg5 f6 15.Bf4 gxf5
16.Bxd6 Bxa4 17.Rxa4 Qxd6 18.Nh4 fxe4 19.Nf5 Qd7 20.Nxe4 Kh8 21.Nxc5 Qxd5
22.Qxd5 Nxd5 23.Ne6 {#r} 1-0

[Event "Izt (cat.12)"]
[Site "masterchessopen.com - Moscow (Russia)"]
[Round "8"]
[White "Tal Mikhail N (LAT)"]
[Black "Velimirovic Dragoljub (SRB)"]
[Result "1-0"]
[WhiteElo "2610"]
[BlackElo "2495"]

1.d4 Nf6 2.c4 e6 3.Nc3 c5 4.d5 exd5 5.cxd5 d6 6.e4 g6 7.f4 Bg7 8.Bb5+ Nfd7
9.a4 Qh4+ 10.g3 Qe7 11.Nf3 O-O ( 11...Bxc3+ { ?! } 12.bxc3 Qxe4+ 13.Kf2 { ? }
) 12.O-O Na6 13.Re1 Nb4 14.e5 { ! } 14...a6 15.Bf1 dxe5 16.d6 { ! } 16...Qe8 (
16...Qe6 17.fxe5 Nxe5 18.Nxe5 Bxe5 19.d7 { ! } 19...Bxd7 ( 19...Bd4+ 20.Qxd4
Qxe1 21.Qf6 { ! +?? } ) 20.Rxe5 Qxe5 21.Qxd7 { ? } ) 17.fxe5 b6 18.e6 fxe6
19.Bc4 Bb7 { ? } ( { ? } 19...Kh8 ) 20.Rxe6 Kh8 21.Rxe8 Raxe8 22.Bf4 g5
23.Nxg5 {#r} 1-0

[Event "It (open) \"]
[Site "masterchessopen.com - London (England)"]
[Round "3"]
[White "Rose Nigel C J (ENG)"]
[Black "Rupf Immo (GER)"]
[Result "0-1"]
[WhiteElo "2144"]
[BlackElo "2250"]

1.d4 Nf6 2.c4 c5 3.d5 e6 4.Nc3 exd5 5.cxd5 d6 6.e4 g6 7.f4 Bg7 8.Bb5+ Nfd7
9.a4 Qh4+ 10.g3 Qe7 11.Nf3 O-O 12.O-O Na6 13.Re1 Nb4 14.Kg2 a6 15.Bf1 b6 16.h3
Bb7 17.Bc4 Rfe8 18.Be3 Qf8 19.Bf2 h6 20.Qd2 f5 21.exf5 gxf5 22.Re6 Nf6 23.Rae1
Rxe6 24.Rxe6 Re8 25.Qe2 Bc8 26.Rxe8 Qxe8 27.Bxa6 Bxa6 {#R} 0-1

[Event "Tournament"]
[Site "masterchessopen.com - Athens (Greece)"]
[Round "0"]
[White "Petraki Maria (GRE)"]
[Black "Kondou Eva (GRE)"]
[Result "1-0"]
[WhiteElo "2034"]
[BlackElo "2187"]

1.d4 Nf6 2.c4 e6 3.Nc3 c5 4.d5 exd5 5.cxd5 d6 6.e4 g6 7.f4 Bg7 8.Bb5+ Nfd7
9.a4 O-O 10.Nf3 Na6 11.O-O Nb4 12.Re1 a6 13.Bf1 Qc7 14.Be3 f5 15.e5 dxe5 16.d6
Qc6 17.Bc4+ Kh8 18.fxe5 Nxe5 19.Nxe5 Bxe5 20.Bh6 Bd4+ 21.Kh1 Rd8 22.Re7 Rg8
23.Bxg8 Kxg8 24.Qb3+ c4 25.Qxb4 b6 26.Rc7 Qe8 27.Qxc4+ {#r} 1-0

[Event "Bundesliga (2nd) 1982/83"]
[Site "masterchessopen.com - Germany"]
[Round "0"]
[White "Teschner Rudolf (GER)"]
[Black "Anbuhl Edgar (GER)"]
[Result "1-0"]
[WhiteElo "2295"]
[BlackElo "2230"]

1.d4 Nf6 2.c4 c5 3.d5 e6 4.Nc3 exd5 5.cxd5 d6 6.e4 g6 7.f4 Bg7 8.Bb5+ Nfd7
9.a4 O-O 10.Nf3 Na6 11.O-O Nb4 12.Re1 a6 13.Bf1 Re8 14.h3 f5 15.exf5 gxf5
16.Rxe8+ Qxe8 17.Na2 Nxa2 18.Rxa2 Nf6 19.b3 Bd7 20.Bd3 Ne4 21.Re2 Qg6 22.Qc2
b5 23.Bb2 c4 24.bxc4 Bxb2 25.Qxb2 Nc5 26.Bc2 bxa4 27.Re7 Kf8 28.Nh4 Qg3
29.Qf6+ {#r} 1-0

[Event "It"]
[Site "masterchessopen.com - Hastings (England)"]
[Round "0"]
[White "Mestel A Jonathan (ENG)"]
[Black "Littlewood Paul E (ENG)"]
[Result "1-0"]
[WhiteElo "2500"]
[BlackElo "2465"]

1.d4 Nf6 2.c4 e6 3.Nc3 c5 4.d5 exd5 5.cxd5 d6 6.e4 g6 7.f4 Bg7 8.Bb5+ Nfd7
9.a4 O-O 10.Nf3 a6 11.Be2 Nf6 12.O-O Re8 13.e5 dxe5 14.fxe5 Ng4 15.Bg5 f6
16.exf6 Bxf6 17.Bxf6 Qxf6 18.d6 Bf5 19.Qb3+ Kg7 20.Nd5 Qxd6 21.Rad1 Nd7
22.Qc3+ Kh6 23.h3 Rxe2 24.hxg4 Bxg4 25.Qc1+ Kg7 26.Nf4 {#r} 1-0

[Event "It (open)"]
[Site "masterchessopen.com - Paris (France)"]
[Round "8"]
[White "Ree Hans (NED)"]
[Black "Lobron Eric (GER)"]
[Result "0-1"]
[WhiteElo "2500"]
[BlackElo "2480"]

1.d4 Nf6 2.c4 e6 3.Nc3 c5 4.d5 exd5 5.cxd5 d6 6.e4 g6 7.f4 Bg7 8.Bb5+ Nfd7
9.a4 Qh4+ 10.g3 Qe7 11.Nf3 O-O 12.O-O Na6 13.Re1 Nb4 14.Qb3 a6 15.Bf1 b6 16.h3
Bb7 17.Bg2 Nd3 18.Re2 b5 19.axb5 c4 20.Qc2 axb5 21.Rb1 b4 22.Nb5 Rfc8 23.Nfd4
b3 24.Qd1 N7c5 25.Nc6 Bxc6 26.dxc6 Ra5 27.Nc3 Bxc3 28.bxc3 Nxc1 29.Qxc1 Nd3
30.Qd1 Rxc6 31.Rd2 Rca6 32.Bf1 Qa7+ 33.Kh2 Ra2 {#R} 0-1

[Event "Ch Lithuania (open)"]
[Site "masterchessopen.com - Vilnius (Lithuania)"]
[Round "0"]
[White "Cherepkov Alexander V (RUS)"]
[Black "Mochalov Evgeny V (BLR)"]
[Result "1-0"]
[WhiteElo "2395"]
[BlackElo "2379"]

1.d4 Nf6 2.c4 c5 3.d5 e6 4.Nc3 exd5 5.cxd5 d6 6.e4 g6 7.f4 Bg7 8.Bb5+ Nfd7
9.a4 O-O 10.Nf3 Na6 11.O-O Nc7 12.Bc4 a6 13.Re1 Rb8 14.e5 b5 15.e6 bxc4 16.e7
Qe8 17.f5 Kh8 18.exf8=Q+ Qxf8 19.fxg6 hxg6 20.Qe2 Nf6 21.Qf2 Kg8 22.Qh4 Ncxd5
23.Nxd5 Nxd5 24.Ng5 Nf6 25.Rf1 Qe8 26.Bd2 Bb7 27.Rae1 Qc6 28.Re2 d5 29.Re6
{#r} 1-0

[Event "It (open)"]
[Site "masterchessopen.com - Val Thorens (France)"]
[Date "1983.07.24"]
[Round "4"]
[White "Lautier Joel (FRA)"]
[Black "Cebalo Miso (CRO)"]
[Result "0-1"]
[WhiteElo "2658"]
[BlackElo "2475"]

1.d4 Nf6 2.c4 c5 3.d5 e6 4.Nc3 exd5 5.cxd5 d6 6.e4 g6 7.f4 Bg7 8.Bb5+ Nfd7
9.a4 a6 10.Be2 Qh4+ 11.g3 Qd8 12.Nf3 O-O 13.O-O Re8 14.Qc2 Nf8 15.Bc4 Bh3
16.Re1 Bg4 17.Qf2 Nbd7 18.a5 b5 19.axb6 Qxb6 20.Ra3 h6 21.Kh1 Qb7 22.Bd2 Qxb2
23.Rb3 Bxf3+ 24.Kg1 Qc2 25.Rc1 Bd4 26.Rxc2 Bxf2+ 27.Kxf2 Bxe4 28.Nxe4 Rxe4
29.Kf3 f5 30.Ra3 Nb6 {#R} 0-1

[Event "Ch Europe (juniors)"]
[Site "masterchessopen.com - Groningen (Netherlands)"]
[Round "13"]
[White "Piket Jeroen (NED)"]
[Black "Horvath Csaba (HUN)"]
[Result "1-0"]
[WhiteElo "2624"]
[BlackElo "2517"]

1.d4 Nf6 2.c4 c5 3.d5 e6 4.Nc3 exd5 5.cxd5 d6 6.e4 g6 7.f4 Bg7 8.Bb5+ Nfd7
9.a4 a6 10.Bd3 Qc7 11.Nf3 c4 12.Bc2 Nc5 13.O-O Bg4 14.h3 Bxf3 15.Rxf3 Nbd7
16.h4 Rb8 17.a5 b5 18.axb6 Rxb6 19.h5 Qc8 20.Qe2 Nb3 21.Bxb3 Rxb3 22.e5 dxe5
23.h6 Bf6 24.Ne4 Be7 25.d6 f5 26.Rxb3 cxb3 27.dxe7 fxe4 28.Qxe4 Qc5+ 29.Be3
Qxe7 30.Qa8+ Qd8 31.Qd5 Qf6 32.fxe5 Qxe5 33.Qxe5+ {#r} 1-0

[Event "?"]
[Site "masterchessopen.com - Lugano (Switzerland)"]
[Round "0"]
[White "Grooten Herman (NED)"]
[Black "Insam Heinz (AUT)"]
[Result "1-0"]
[WhiteElo "2333"]
[BlackElo "2229"]

1.d4 Nf6 2.c4 c5 3.d5 e6 4.Nc3 exd5 5.cxd5 d6 6.e4 g6 7.f4 Bg7 8.Bb5+ Nfd7
9.a4 Qh4+ 10.g3 Qe7 11.Nf3 O-O 12.O-O Na6 13.Bd2 Nb4 14.Qb3 Nf6 15.e5 Ng4
16.h3 Nh6 17.g4 Rd8 18.Rae1 Kh8 19.f5 dxe5 20.fxg6 hxg6 21.Bg5 f6 22.Nxe5 Qd6
23.Rxf6 Bxf6 24.Ne4 c4 25.Nxd6 cxb3 26.Bxf6+ {#r} 1-0

[Event "It (open)"]
[Site "masterchessopen.com - Reykjavik (Iceland)"]
[Round "0"]
[White "Meyer Holger (GER)"]
[Black "Einarsson Halldor (ISL)"]
[Result "1-0"]
[WhiteElo "2305"]
[BlackElo "2236"]

1.d4 Nf6 2.c4 c5 3.d5 e6 4.Nc3 exd5 5.cxd5 d6 6.e4 g6 7.f4 Bg7 8.Bb5+ Nfd7
9.a4 O-O 10.Nf3 Na6 11.O-O Nb4 12.Re1 Re8 13.h3 a6 14.Bc4 Bd4+ 15.Nxd4 cxd4
16.Na2 Nxa2 17.Rxa2 Qh4 18.b3 f5 19.e5 dxe5 20.Rae2 Qg3 21.d6+ Kf8 22.fxe5
Rxe5 23.Qxd4 Qxe1+ 24.Rxe1 Rxe1+ 25.Kf2 Re5 26.Bf4 {#r} 1-0

[Event "It"]
[Site "masterchessopen.com - Toronto (Canada)"]
[Round "0"]
[White "Farago Ivan (HUN)"]
[Black "Gruenfeld Yehuda (ISR)"]
[Result "1-0"]
[WhiteElo "2520"]
[BlackElo "2450"]

1.d4 Nf6 2.c4 e6 3.Nc3 c5 4.d5 exd5 5.cxd5 d6 6.e4 g6 7.f4 Bg7 8.Bb5+ Nfd7
9.a4 a6 10.Bd3 O-O 11.Nf3 Nf6 12.h3 Re8 13.O-O Nbd7 14.Re1 Qc7 15.Be3 Rb8
16.Bf2 c4 17.Bc2 Nc5 18.e5 Nfd7 19.Kh1 b5 20.axb5 axb5 21.Nd4 dxe5 22.Nc6 Rb6
23.fxe5 Bxe5 24.Ra8 b4 25.Nxe5 Rxe5 26.Rxe5 Nxe5 27.Bxc5 {#r} 1-0

[Event "It (open)"]
[Site "masterchessopen.com - Berlin (Germany)"]
[Round "0"]
[White "Federau Juergen (GER)"]
[Black "Tringov Georgi P (BUL)"]
[Result "1-0"]
[WhiteElo "2186"]
[BlackElo "2460"]

1.d4 Nf6 2.c4 c5 3.d5 e6 4.Nc3 exd5 5.cxd5 d6 6.e4 g6 7.f4 Bg7 8.Bb5+ Nfd7
9.a4 O-O 10.Nf3 Na6 11.O-O Nc7 12.Bd3 a6 13.Re1 Re8 14.Be3 Rb8 15.Bf2 b5
16.axb5 axb5 17.Bh4 Bf6 18.Bg3 b4 19.Na4 Nb6 20.Nxb6 Rxb6 21.e5 Bg7 22.Bh4 Qd7
23.Bc4 Bb7 24.Ra7 Nb5 25.Qa4 Rb8 26.Ra5 Bc8 27.e6 fxe6 28.dxe6 Qe8 29.e7+ {#r}
1-0

[Event "Ch Great Britain"]
[Site "masterchessopen.com - Edinburgh (Scotland)"]
[Round "2"]
[White "Muir Andrew J (SCO)"]
[Black "Richardson Keith B (ENG)"]
[Result "1-0"]
[WhiteElo "2311"]
[BlackElo "2137"]

1.d4 Nf6 2.c4 c5 3.d5 e6 4.Nc3 exd5 5.cxd5 d6 6.e4 g6 7.f4 Bg7 8.Bb5+ Nfd7
9.a4 O-O 10.Nf3 Na6 11.O-O Nc7 12.Bc4 a6 13.Re1 Rb8 14.a5 b5 15.axb6 Nxb6
16.Bf1 Nb5 17.Bd2 c4 18.h3 Re8 19.Kh1 Qc7 20.Rc1 Bd7 21.b3 Rbc8 22.Na4 Na3
23.Ba5 Bxa4 24.bxa4 Bb2 25.Bc3 Bxc1 26.Qd4 Re5 27.Rxc1 Nxa4 28.fxe5 Nb5
29.exd6 {#r} 1-0

[Event "Memorial Pugi"]
[Site "masterchessopen.com - Toronto (Canada)"]
[Round "2"]
[White "Stone Raymond (CAN)"]
[Black "Findlay Ian T (CAN)"]
[Result "0-1"]
[WhiteElo "2321"]
[BlackElo "2293"]

1.d4 Nf6 2.c4 c5 3.d5 e6 4.Nc3 exd5 5.cxd5 d6 6.e4 g6 7.f4 Bg7 8.Bb5+ Nfd7
9.a4 O-O 10.Nf3 Re8 11.O-O a6 12.Bd3 Nf6 13.h3 Nbd7 14.Re1 Qc7 15.Bc4 Bf8
16.b3 b6 17.Ra2 Bb7 18.Rae2 Nh5 19.g4 Ng7 20.e5 dxe5 21.fxe5 b5 22.axb5 Nb6
23.g5 Qd8 24.Rf2 axb5 {#R} 0-1

[Event "Ch Uruguay"]
[Site "masterchessopen.com - Uruguay"]
[Round "0"]
[White "Garcia Alvaro (URU)"]
[Black "Rivera Daniel (URU)"]
[Result "0-1"]
[WhiteElo "2031"]
[BlackElo "2331"]

1.d4 Nf6 2.c4 c5 3.d5 e6 4.Nc3 exd5 5.cxd5 g6 6.e4 d6 7.f4 Bg7 8.Bb5+ Nfd7
9.a4 a6 10.Be2 Qh4+ 11.g3 Qd8 12.Nf3 O-O 13.O-O Re8 14.Qc2 Nf8 15.Kg2 Nbd7
16.Bd2 b6 17.Rae1 Nf6 18.f5 Ra7 19.Bd3 Rae7 20.Bf4 gxf5 21.exf5 Rxe1 22.Rxe1
Rxe1 23.Nxe1 Bb7 24.Qb3 Qe7 25.Nf3 N8d7 26.Qd1 Nxd5 27.Nxd5 Bxd5 28.Bxa6 Qe4
29.b3 Qxf5 30.Bxd6 Qe6 31.Bf4 Bxb3 32.Qd3 c4 33.Qd2 Bxa4 {#R} 0-1

[Event "Ch NRW (juniors) (under 18)"]
[Site "masterchessopen.com - Buende (Germany)"]
[Round "3"]
[White "Flear Glenn C (ENG)"]
[Black "Kaiser Wolfgang (GER)"]
[Result "1-0"]
[WhiteElo "2475"]
[BlackElo "2294"]

1.d4 Nf6 2.c4 c5 3.d5 e6 4.Nc3 exd5 5.cxd5 d6 6.e4 g6 7.f4 Bg7 8.Bb5+ Nfd7
9.a4 O-O 10.Nf3 a6 11.Be2 Re8 12.O-O Nf8 13.Nd2 Nbd7 14.Kh1 Rb8 15.Qc2 f5
16.Bd3 fxe4 17.Ndxe4 Nf6 18.Nxf6+ Qxf6 19.Bd2 Bf5 20.a5 c4 21.Bxf5 Qxf5 22.Qa4
Rbc8 23.Qb4 Nd7 24.Qxb7 Nc5 25.Qb6 Bd4 26.Qxd6 Nd3 27.Qxa6 Nf2+ 28.Rxf2 Bxf2
29.d6 Qd3 30.Ne4 Be1 31.Rxe1 Qxd2 32.Rg1 {#r} 1-0

[Event "Cup Baltic (corr.)"]
[Site "masterchessopen.com - corr."]
[Round "0"]
[White "Sakovich Igor (LAT)"]
[Black "Maciejewski Andrzej (POL)"]
[Result "1-0"]
[WhiteElo "2210"]
[BlackElo "2334"]

1.d4 Nf6 2.c4 c5 3.d5 e6 4.Nc3 exd5 5.cxd5 d6 6.e4 g6 7.f4 Bg7 8.Bb5+ Nfd7
9.a4 O-O 10.Nf3 Na6 11.O-O Nb4 12.Re1 a6 13.Bf1 Re8 14.h3 b6 15.Be3 Bb7 16.Bf2
Qc7 17.Qd2 Rac8 18.Bc4 Qb8 19.b3 Ba8 20.Rad1 {#r} 1-0

[Event "?"]
[Site "masterchessopen.com - Helsinki (Finland)"]
[Round "0"]
[White "Lindstedt Johan (FIN)"]
[Black "Pirttimaki Timo (FIN)"]
[Result "0-1"]
[WhiteElo "2243"]
[BlackElo "2185"]

1.d4 Nf6 2.c4 c5 3.d5 e6 4.Nc3 exd5 5.cxd5 d6 6.e4 g6 7.f4 Bg7 8.Bb5+ Nfd7
9.a4 Qh4+ 10.g3 Qe7 11.Nf3 Bxc3+ 12.bxc3 Qxe4+ 13.Kf2 O-O 14.Re1 Qf5 15.Bd3
Qxd5 16.c4 Qh5 17.Bb2 Nc6 18.h3 Nd4 19.Bxd4 cxd4 20.g4 Qxh3 21.Rh1 Qxg4
22.Rxh7 Qxf4 23.Qh1 Nf6 24.Rh4 Bg4 25.Re1 Qxf3+ {#R} 0-1

[Event "Ch Hungary (team)"]
[Site "masterchessopen.com - Hungary"]
[Round "0"]
[White "Rajna George (ISR)"]
[Black "Perenyi Bela (HUN)"]
[Result "1-0"]
[WhiteElo "2390"]
[BlackElo "2255"]

1.d4 Nf6 2.c4 c5 3.d5 e6 4.Nc3 exd5 5.cxd5 d6 6.e4 g6 7.f4 Bg7 8.Bb5+ Nfd7
9.a4 O-O 10.Nf3 a6 11.Be2 Re8 12.O-O Nf8 13.e5 Nbd7 14.Ng5 dxe5 15.f5 Nf6
16.fxg6 hxg6 17.Be3 Bf5 18.g4 Bd7 19.Nxf7 Kxf7 20.g5 Bf5 21.gxf6 Bxf6 22.Bg4
Qd7 23.Bxf5 gxf5 24.Qh5+ Ng6 25.Rxf5 Rg8 26.Raf1 Ke7 27.Qh7+ {#r} 1-0

[Event "It (cat.11)"]
[Site "masterchessopen.com - Jerusalem (Israel)"]
[Round "0"]
[White "Gurevich Dmitry (USA)"]
[Black "Kraidman Yair (ISR)"]
[Result "1-0"]
[WhiteElo "2505"]
[BlackElo "2440"]

1.d4 Nf6 2.c4 c5 3.d5 e6 4.Nc3 exd5 5.cxd5 d6 6.e4 g6 7.f4 Bg7 8.Bb5+ Nfd7
9.a4 O-O 10.Nf3 a6 11.Be2 Re8 12.O-O b6 13.Kh1 Ra7 14.Nd2 Nf6 15.Bf3 Rae7
16.Nc4 h5 17.e5 dxe5 18.fxe5 Ng4 19.e6 Ne5 20.Bg5 Nxc4 21.exf7+ Rxf7 22.Bxd8
Rxd8 23.Qe2 Nd6 24.Ne4 Re7 25.Qf2 Nxe4 26.Bxe4 Rxe4 27.Qf7+ Kh7 28.Qc7 Rde8
29.Qxb8 Bxb2 30.Rab1 Bd4 31.d6 {#r} 1-0

[Event "Ch Iceland"]
[Site "masterchessopen.com - Akureyri (Iceland)"]
[Round "4"]
[White "Petursson Margeir (ISL)"]
[Black "Stefansson Hannes (ISL)"]
[Result "1-0"]
[WhiteElo "2535"]
[BlackElo "2335"]

1.d4 Nf6 2.c4 e6 3.Nc3 c5 4.d5 exd5 5.cxd5 d6 6.e4 g6 7.f4 Bg7 8.Bb5+ Nfd7
9.a4 O-O 10.Nf3 a6 11.Be2 Re8 12.O-O Nf8 13.Be3 Bg4 14.Qd2 Nbd7 15.Bd3 Rc8
16.Kh1 Qa5 17.Ng5 h6 18.Nxf7 Kxf7 19.h3 Bxc3 20.bxc3 Nf6 21.e5 c4 22.f5 Rxe5
23.fxg6+ Ke7 24.Rxf6 Kxf6 25.Rf1+ Kg7 26.Bxh6+ Kg8 27.Qf2 {#r} 1-0

[Event "Ch Iceland"]
[Site "masterchessopen.com - Akureyri (Iceland)"]
[Round "2"]
[White "Thorsteins Karl (ISL)"]
[Black "Stefansson Hannes (ISL)"]
[Result "1-0"]
[WhiteElo "2469"]
[BlackElo "2335"]

1.d4 e6 2.c4 Nf6 3.Nc3 c5 4.d5 exd5 5.cxd5 d6 6.e4 g6 7.f4 Bg7 8.Bb5+ Nfd7
9.a4 a6 10.Be2 O-O 11.Nf3 Nf6 12.O-O Bg4 13.e5 dxe5 14.fxe5 Nfd7 15.e6 fxe6
16.dxe6 Bxe6 17.Ng5 Bd4+ 18.Kh1 Qe7 19.Nxe6 Qxe6 20.Bh6 Rf5 21.Bf3 Nc6 22.Re1
Qf7 23.Ne4 Re5 24.Ng5 Rxe1+ 25.Qxe1 Qf5 26.g4 Qe5 27.Qf1 {#r} 1-0